000 00390nam a2200169Ia 4500
008 230711s9999||||xx |||||||||||||| ||und||
020 _a978-81-7758-916-0
041 _aENG
082 _a530.12
_bSA-A
100 _aSakurai,J.J
245 0 _aAdvanced quantum mechanics
250 _a1st Ed.
260 _c2006
_aNew Delhi
_bPearson
300 _a344p.
650 _aPhysics
942 _cBK
999 _c5763
_d5763